000 01175nmc a2200421 a 4500
003 AR-BaBNM
005 20251128210909.0
008 201020s1998 ||||||||||||||000 | spa||
020 _a950-12-8904-4
040 _cAR-BaBNM
100 1 _aTorre, Juan Carlos
245 1 0 _aEl proceso político de las reformas económicas en América Latina
260 _aBuenos Aires
_bPaidós
_c1998
300 0 _a140 p.
490 0 _aLatinoamericana
500 0 _aContiene referencias bibliográficas para consultar
650 4 _aHISTORIA
650 4 _aHISTORIA ECONOMICA
650 4 _aECONOMIA DEL BIENESTAR SOCIAL
650 4 _aECONOMIA INDUSTRIAL
650 4 _aMACROECONOMIA
650 4 _aSISTEMAS ECONOMICOS
650 4 _aECONOMIA DE MERCADO
650 4 _aCAPITALISMO
650 4 _aCIENCIAS SOCIALES
650 4 _aPOLITICA SOCIAL
650 4 _aESTADO
650 4 _aREFORMA DEL ESTADO
650 4 _aESTADO Y SOCIEDAD
650 4 _aPROBLEMAS SOCIALES
651 4 _aEstados Unidos
651 4 _aAmérica Latina
653 0 _aMERCOSUR
653 0 _aECONOMIA POLITICA
800 1 _aMazzuca, Sebastián
_edirector
942 _cBK
998 _cMariana
999 _c17349
_d17349